|
|
|
|
| LEADER |
00587nam a2200169Ia 4500 |
| 008 |
150624b xxu||||| |||| 00| f mal d |
| 999 |
|
|
|c 83868
|d 83868
|
| 082 |
|
|
|a 853.4808
|
| 100 |
|
|
|a Unnikrishnan Thiruvazhiyode
|
| 245 |
|
|
|c Unnikrishnan Thiruvazhiyode
|a Sisira nidra /
|
| 260 |
|
|
|c 1994.
|a Kottayam:
|b DCB,
|
| 300 |
|
|
|a 155p.
|c 20cm.
|
| 546 |
|
|
|a In Malayalam.
|
| 650 |
|
|
|v Malayalam fiction
|
| 650 |
|
|
|v Unnikrishnan Thiruvazhiyode
|
| 942 |
|
|
|c BK
|
| 952 |
|
|
|0 0
|1 0
|4 0
|6 853_480800000000000_SIS_M
|7 0
|9 83812
|a UL
|b UL
|c ST1
|d 1999-09-28
|e CB
|l 3
|o 853.4808 SIS M
|p 72560
|r 2017-12-18
|s 2017-11-20
|v 35.00
|y BK
|